000 00248nam a2200109 a 4500
005 20140414093846.0
008 100218s19uu xx uuu eng d
050 _aDVD 759.94
_bREM [n.d.]
245 _aRembrandt.
942 _cAVM
999 _c109601
_d109601